[Event "SRB-chT 1st League"]
[Site "Bajina Basta"]
[Date "2019.09.19"]
[Round "9.23"]
[White "Misojcic, Miroslav"]
[Black "Radovanovic, Dusan"]
[Result "0-1"]
[WhiteElo "2231"]
[BlackElo "2318"]
[PlyCount "58"]
[EventDate "2019.09.13"]
[EventType "team-tourn"]
[EventRounds "11"]
[EventCountry "SRB"]
[SourceTitle "CBM 195 Extra"]
[Source "ChessBase"]
[SourceDate "2020.05.31"]
[SourceVersion "1"]
[SourceVersionDate "2020.05.31"]
[SourceQuality "1"]
[WhiteTeam "Sabac"]
[BlackTeam "Pozega"]
[WhiteTeamCountry "SRB"]
[BlackTeamCountry "SRB"]

1. d4 Nf6 2. c4 c5 3. d5 g6 4. Nc3 Bg7 5. Nf3 d6 6. g3 0-0 7. Bg2 e6 8. 0-0 a6 9. a4 e5 10. Ne1 Nh5 11. e4 Qe8 12. Nd3 f5 13. f3 f4 14. g4 Nf6 15. a5 Nbd7 16. Bd2 g5 17. Na4 h5 18. h3 Rf7 19. b4 Bf8 20. Qb3 Rh7 21. Qa3 hxg4 22. hxg4 Nxg4 23. fxg4 Nf6 24. Nf2 Nxg4 25. Nxg4 Bxg4 26. Kf2 cxb4 27. Bxb4 f3 28. Bxf3 Bxf3 29. Kxf3 Rh3+ 0-1

[Event "SRB-chT 1st League"]
[Site "Bajina Basta"]
[Date "2019.09.15"]
[Round "4.5"]
[White "Misojcic, Miroslav"]
[Black "Rajkovic, Mladen"]
[Result "0-1"]
[WhiteElo "2231"]
[BlackElo "2371"]
[PlyCount "72"]
[EventDate "2019.09.13"]
[EventType "team-tourn"]
[EventRounds "11"]
[EventCountry "SRB"]
[SourceTitle "CBM 195 Extra"]
[Source "ChessBase"]
[SourceDate "2020.05.31"]
[SourceVersion "1"]
[SourceVersionDate "2020.05.31"]
[SourceQuality "1"]
[WhiteTeam "Sabac"]
[BlackTeam "Lucani Mladost"]
[WhiteTeamCountry "SRB"]
[BlackTeamCountry "SRB"]

1. d4 Nf6 2. c4 g6 3. Nf3 Bg7 4. g3 d5 5. cxd5 Nxd5 6. Bg2 Nb6 7. Nc3 Nc6 8. e3 0-0 9. 0-0 Re8 10. a3 Bd7 11. Nd2 Qc8 12. Re1 e5 13. d5 Na5 14. b4 Nac4 15. Qb3 Nd6 16. Nde4 f5 17. Nc5 e4 18. Bf1 Qd8 19. Bb2 Be5 20. Rac1 Qf6 21. Nd1 Re7 22. Bxe5 Qxe5 23. Nc3 Be8 24. Red1 Bf7 25. Rd2 c6 26. Rcd1 Nxd5 27. Nxd5 cxd5 28. Rd4 Rc8 29. a4 Rec7 30. a5 Qe7 31. R1d2 Ne8 32. Kg2 Nf6 33. Qa4 Ng4 34. Be2 Ne5 35. Rd1 Nc6 36. R4d2 Nxb4 0-1

[Event "SRB-chT2 West"]
[Site "Arandjelovac"]
[Date "2018.10.06"]
[Round "9.5"]
[White "Misojcic, Miroslav"]
[Black "Tomanovic, Nikola"]
[Result "1-0"]
[WhiteElo "2244"]
[BlackElo "2215"]
[PlyCount "79"]
[EventDate "2018.09.07"]
[EventType "team-tourn"]
[EventRounds "11"]
[EventCountry "SRB"]
[SourceTitle "EXT 2021"]
[Source "ChessBase"]
[SourceDate "2020.10.23"]
[SourceVersion "1"]
[SourceVersionDate "2020.10.23"]
[SourceQuality "1"]
[WhiteTeam "Uzice Sloboda"]
[BlackTeam "Smederevo"]
[WhiteTeamCountry "SRB"]
[BlackTeamCountry "SRB"]

1. d4 f5 2. Nf3 Nf6 3. c4 g6 4. b4 Bg7 5. Bb2 0-0 6. e3 c6 7. Nc3 d6 8. Be2 Qe8 9. c5 Ne4 10. Qc2 d5 11. Ne5 Nd7 12. f3 Nxc3 13. Bxc3 Nxe5 14. dxe5 Bd7 15. 0-0 Qb8 16. f4 Qc7 17. Rab1 a6 18. Bd4 Be8 19. a4 e6 20. b5 axb5 21. axb5 g5 22. bxc6 bxc6 23. Rb6 gxf4 24. exf4 Kh8 25. Qb3 Rg8 26. Rb1 Ra7 27. g3 Bh6 28. Bf2 Qd8 29. Rb8 Qc7 30. Qb6 Qg7 31. Rb7 Rxb7 32. Qxb7 Qg6 33. Qe7 Bg7 34. Rb8 h6 35. Rb7 Bf8 36. Qf6+ Bg7 37. Qxg6 Bxg6 38. Re7 Re8 39. Rc7 Kg8 40. Rxc6 1-0

[Event "SRB-chT2 West"]
[Site "Arandjelovac"]
[Date "2018.10.05"]
[Round "7.1"]
[White "Misojcic, Miroslav"]
[Black "Savic, Petar A"]
[Result "1/2-1/2"]
[WhiteElo "2244"]
[BlackElo "2104"]
[PlyCount "44"]
[EventDate "2018.09.07"]
[EventType "team-tourn"]
[EventRounds "11"]
[EventCountry "SRB"]
[SourceTitle "EXT 2021"]
[Source "ChessBase"]
[SourceDate "2020.10.23"]
[SourceVersion "1"]
[SourceVersionDate "2020.10.23"]
[SourceQuality "1"]
[WhiteTeam "Uzice Sloboda"]
[BlackTeam "Lipnicki Sor Sloga"]
[WhiteTeamCountry "SRB"]
[BlackTeamCountry "SRB"]

1. d4 Nf6 2. c4 d6 3. Nf3 Nbd7 4. Nc3 e5 5. e4 exd4 6. Nxd4 Ne5 7. f3 Be7 8. Be2 0-0 9. 0-0 a5 10. Be3 Re8 11. Qc2 Bd7 12. Rad1 h6 13. Kh1 Bf8 14. Ndb5 Ng6 15. Rfe1 Qb8 16. Qd2 Be6 17. Bf1 Rd8 18. Nd4 Bd7 19. g3 Qc8 20. Bg2 c6 21. Na4 Qc7 22. Ne2 Ne5 1/2-1/2

[Event "Belgrade Trophy 26th"]
[Site "Belgrade"]
[Date "2012.11.29"]
[Round "6"]
[White "Lukovic, Vladimir"]
[Black "Misojcic, Miroslav"]
[Result "1-0"]
[WhiteElo "2352"]
[BlackElo "2262"]
[PlyCount "69"]
[EventDate "2012.11.24"]
[EventType "swiss"]
[EventRounds "9"]
[EventCountry "SRB"]
[SourceTitle "CBM 151 Extra"]
[Source "ChessBase"]
[SourceDate "2012.12.18"]
[SourceVersion "1"]
[SourceVersionDate "2012.12.18"]
[SourceQuality "1"]

1. e4 c5 2. Nf3 Nc6 3. Bb5 e6 4. Bxc6 bxc6 5. d3 Ne7 6. Qe2 d5 7. c4 Ng6 8. 0-0 Bd6 9. Nc3 0-0 10. e5 Be7 11. Na4 Qa5 12. b3 f6 13. exf6 Bxf6 14. Bd2 Qd8 15. Rac1 Qd6 16. h3 Bd4 17. Be3 e5 18. cxd5 cxd5 19. Nxc5 Bxe3 20. fxe3 Bf5 21. b4 a5 22. bxa5 d4 23. exd4 exd4 24. Ng5 Qd5 25. Qd2 Rac8 26. Nge4 Ne5 27. a6 Bxe4 28. Rxf8+ Rxf8 29. Nxe4 Qb5 30. a7 Qb7 31. Qa5 Nxd3 32. Nd6 Qa8 33. Rc8 Rxc8 34. Nxc8 Nf4 35. Qd8+ 1-0

[Event "Belgrade Trophy 26th"]
[Site "Belgrade"]
[Date "2012.11.28"]
[Round "5"]
[White "Misojcic, Miroslav"]
[Black "Trailovic, Aleksandar"]
[Result "1-0"]
[WhiteElo "2262"]
[BlackElo "2105"]
[PlyCount "43"]
[EventDate "2012.11.24"]
[EventType "swiss"]
[EventRounds "9"]
[EventCountry "SRB"]
[SourceTitle "CBM 151 Extra"]
[Source "ChessBase"]
[SourceDate "2012.12.18"]
[SourceVersion "1"]
[SourceVersionDate "2012.12.18"]
[SourceQuality "1"]

1. d4 Nf6 2. Nf3 e6 3. c4 d5 4. Nc3 c5 5. cxd5 exd5 6. g3 Nc6 7. Bg2 Be6 8. 0-0 Be7 9. a3 0-0 10. dxc5 Bxc5 11. b4 Be7 12. Bb2 Rc8 13. Ng5 Qd7 14. Nxe6 fxe6 15. Bh3 Rce8 16. Qa4 Kh8 17. Rad1 a6 18. e3 Qd6 19. Qb3 b5 20. e4 e5 21. Nxd5 Nxe4 22. Bg2 1-0

[Event "Belgrade Trophy 26th"]
[Site "Belgrade"]
[Date "2012.11.27"]
[Round "4"]
[White "Ugrcic, Zoran"]
[Black "Misojcic, Miroslav"]
[Result "1/2-1/2"]
[WhiteElo "2037"]
[BlackElo "2262"]
[PlyCount "49"]
[EventDate "2012.11.24"]
[EventType "swiss"]
[EventRounds "9"]
[EventCountry "SRB"]
[SourceTitle "CBM 151 Extra"]
[Source "ChessBase"]
[SourceDate "2012.12.18"]
[SourceVersion "1"]
[SourceVersionDate "2012.12.18"]
[SourceQuality "1"]

1. Nf3 d5 2. d4 Nf6 3. g3 c6 4. Bg2 Bf5 5. 0-0 Nbd7 6. c4 e6 7. cxd5 exd5 8. Nc3 h6 9. Nd2 Be7 10. e4 dxe4 11. Ndxe4 Nxe4 12. Nxe4 Be6 13. Re1 0-0 14. Nc3 Nb6 15. Qd3 Qd7 16. Be3 Rad8 17. d5 cxd5 18. Bxb6 axb6 19. Nxd5 Bxd5 20. Qxd5 Qxd5 21. Bxd5 Bf6 22. Bxb7 Bxb2 23. Rad1 Bd4 24. Kg2 g6 25. Re2 1/2-1/2

[Event "SRB-chT"]
[Site "Vrnjacka Banja"]
[Date "2012.10.02"]
[Round "5.6"]
[White "Misojcic, Miroslav"]
[Black "Arsovic, Goran"]
[Result "1/2-1/2"]
[WhiteElo "2253"]
[BlackElo "2435"]
[PlyCount "140"]
[EventDate "2012.09.29"]
[EventType "team-tourn"]
[EventRounds "11"]
[EventCountry "SRB"]
[SourceTitle "CBM 150 Extra"]
[Source "ChessBase"]
[SourceDate "2012.10.19"]
[SourceVersion "1"]
[SourceVersionDate "2012.10.19"]
[SourceQuality "1"]
[WhiteTeam "Sabac"]
[BlackTeam "Kraljevo Sloga"]
[WhiteTeamCountry "SRB"]
[BlackTeamCountry "SRB"]

1. d4 Nf6 2. c4 g6 3. Nc3 Bg7 4. Nf3 d6 5. g3 0-0 6. Bg2 c6 7. h3 Qa5 8. 0-0 Qa6 9. b3 b5 10. cxb5 cxb5 11. b4 Bb7 12. a4 bxa4 13. Rxa4 Qb6 14. d5 Rc8 15. Be3 Qd8 16. Qb3 a6 17. Nd4 Nfd7 18. Ra2 Ne5 19. f4 Nc4 20. Bf2 Nb6 21. Kh2 Qe8 22. Rd1 N8d7 23. Nc6 Nxd5 24. Nxd5 Bxc6 25. Rc2 Bxd5 26. Bxd5 Rxc2 27. Qxc2 Rb8 28. Qa4 Qc8 29. Ba7 Rb5 30. Qb3 e6 31. Bc4 Qb7 32. Bxb5 axb5 33. Bd4 Qe4 34. Qd3 Qxd3 35. Rxd3 Bxd4 36. Rxd4 d5 37. Rd1 Nb6 38. Re1 Nc4 39. Ra1 Kf8 40. Ra7 h5 41. Kg1 Ke8 42. Kf2 Kf8 43. g4 hxg4 44. hxg4 f6 45. e3 g5 46. fxg5 fxg5 47. Rh7 Ne5 48. Ke2 Nc6 49. Rh5 Nxb4 50. Rxg5 Kf7 51. Rh5 Kg6 52. Kf3 Nd3 53. e4 Nb4 54. exd5 Nxd5 55. Rh8 b4 56. Kg3 Kg7 57. Ra8 Kf6 58. Kh4 Kg6 59. Ra6 Kf6 60. Kh5 b3 61. Ra3 Nf4+ 62. Kh6 b2 63. Rb3 e5 64. g5+ Kf5 65. Rxb2 e4 66. Rb5+ Kg4 67. g6 Nxg6 68. Kxg6 e3 69. Rb3 Kf4 70. Rb1 e2 1/2-1/2

[Event "SRB-chT"]
[Site "Vrnjacka Banja"]
[Date "2012.09.30"]
[Round "3.5"]
[White "Misojcic, Miroslav"]
[Black "Civric, Zdravko"]
[Result "1/2-1/2"]
[WhiteElo "2253"]
[BlackElo "2215"]
[PlyCount "69"]
[EventDate "2012.09.29"]
[EventType "team-tourn"]
[EventRounds "11"]
[EventCountry "SRB"]
[SourceTitle "CBM 150 Extra"]
[Source "ChessBase"]
[SourceDate "2012.10.19"]
[SourceVersion "1"]
[SourceVersionDate "2012.10.19"]
[SourceQuality "1"]
[WhiteTeam "Sabac"]
[BlackTeam "Uzice Sloboda"]
[WhiteTeamCountry "SRB"]
[BlackTeamCountry "SRB"]

1. d4 Nf6 2. c4 c5 3. d5 b5 4. cxb5 e6 5. Nc3 exd5 6. Nxd5 Bb7 7. Nxf6+ Qxf6 8. Nf3 d5 9. g3 Bd6 10. Bg2 0-0 11. 0-0 Re8 12. Nd2 Bf8 13. Nc4 Rd8 14. Na5 Bc8 15. Bxd5 Be6 16. e4 Bxd5 17. exd5 Qf5 18. Nc4 Rxd5 19. Qe2 Rd8 20. Be3 Nd7 21. Rfd1 Nf6 22. Rxd8 Rxd8 23. Rd1 Re8 24. b3 Ne4 25. Qd3 Qf3 26. Qf1 Nc3 27. Rd2 Nxb5 28. Qd1 Qf6 29. Kg2 Nc3 30. Qf3 Qe6 31. Rc2 Nb5 32. Rd2 Nc3 33. Rc2 Nb5 34. Rd2 Nc3 35. Rc2 1/2-1/2

[Event "SRB-chT"]
[Site "Vrnjacka Banja"]
[Date "2012.09.30"]
[Round "2.3"]
[White "Misojcic, Miroslav"]
[Black "Vuckovic, Branko"]
[Result "1/2-1/2"]
[WhiteElo "2253"]
[BlackElo "2258"]
[PlyCount "94"]
[EventDate "2012.09.29"]
[EventType "team-tourn"]
[EventRounds "11"]
[EventCountry "SRB"]
[SourceTitle "CBM 150 Extra"]
[Source "ChessBase"]
[SourceDate "2012.10.19"]
[SourceVersion "1"]
[SourceVersionDate "2012.10.19"]
[SourceQuality "1"]
[WhiteTeam "Sabac"]
[BlackTeam "Pozega"]
[WhiteTeamCountry "SRB"]
[BlackTeamCountry "SRB"]

1. d4 d5 2. c4 c6 3. Nf3 Nf6 4. Nc3 a6 5. a4 Bf5 6. Qb3 Ra7 7. Bg5 e6 8. Bxf6 gxf6 9. g3 Be4 10. Bg2 dxc4 11. Qxc4 b5 12. Qb3 Bxf3 13. Bxf3 Qxd4 14. 0-0 Be7 15. axb5 cxb5 16. Nxb5 axb5 17. Qxb5+ Nd7 18. Rxa7 Qxa7 19. Rd1 0-0 20. Rxd7 Qc5 21. Qxc5 Bxc5 22. Rb7 Bd6 23. Bh5 f5 24. b4 e5 25. b5 f6 26. Rd7 Bc5 27. Kg2 Rb8 28. Bf7+ Kf8 29. Bc4 Be7 30. Rc7 Rb6 31. f3 Ke8 32. Rc8+ Bd8 33. Ra8 h6 34. Kh3 Ke7 35. Ra7+ Kd6 36. Kh4 Kc5 37. Bd3 e4 38. fxe4 fxe4 39. Bc2 f5+ 40. Kh5 Kxb5 41. Rf7 Kc4 42. Rxf5 Kd4 43. Rf4 Re6 44. h4 Ke3 45. Rxe4+ Rxe4 46. Bxe4 Kxe2 47. Kxh6 Kf2 1/2-1/2

[Event "SRB-chT Central"]
[Site "Kraljevo"]
[Date "2011.09.21"]
[Round "6"]
[White "Kojovic, Dragan"]
[Black "Misojcic, Miroslav"]
[Result "1-0"]
[WhiteElo "2367"]
[BlackElo "2242"]
[PlyCount "73"]
[EventDate "2011.09.17"]
[EventType "team-tourn"]
[EventRounds "11"]
[EventCountry "SRB"]
[SourceTitle "CBM 144 Extra"]
[Source "ChessBase"]
[SourceDate "2011.10.28"]
[SourceVersion "1"]
[SourceVersionDate "2011.10.28"]
[SourceQuality "1"]
[WhiteTeam "Metalac"]
[BlackTeam "Sabac"]
[WhiteTeamCountry "YUG"]
[BlackTeamCountry "YUG"]

1. e4 c5 2. Nc3 Nc6 3. f4 e6 4. Nf3 d5 5. Bb5 Nf6 6. d3 Bd7 7. Bxc6 Bxc6 8. Ne5 Rc8 9. 0-0 dxe4 10. Nxc6 Rxc6 11. dxe4 Qd4+ 12. Kh1 Be7 13. Qe2 Qb4 14. a3 Qb6 15. Be3 0-0 16. b4 Rcc8 17. e5 Nd7 18. Rad1 Qc6 19. b5 Qc7 20. Ne4 Nb6 21. c4 Rfd8 22. Rc1 Rd7 23. Rc3 Na4 24. Rb3 Rcd8 25. Bg1 f6 26. Rg3 Kh8 27. Qc2 Nb6 28. a4 a5 29. Rh3 Bf8 30. Ng5 g6 31. Ne4 Nc8 32. Bf2 Kg7 33. Bh4 Ne7 34. Bxf6+ Kg8 35. Qf2 Rd4 36. Nd6 Rd7 37. Qh4 1-0

[Event "SRB-chT Central"]
[Site "Kraljevo"]
[Date "2011.09.18"]
[Round "2"]
[White "Civric, Zdravko"]
[Black "Misojcic, Miroslav"]
[Result "1/2-1/2"]
[WhiteElo "2203"]
[BlackElo "2242"]
[PlyCount "86"]
[EventDate "2011.09.17"]
[EventType "team-tourn"]
[EventRounds "11"]
[EventCountry "SRB"]
[SourceTitle "CBM 144 Extra"]
[Source "ChessBase"]
[SourceDate "2011.10.28"]
[SourceVersion "1"]
[SourceVersionDate "2011.10.28"]
[SourceQuality "1"]
[WhiteTeam "Sloboda"]
[BlackTeam "Sabac"]
[WhiteTeamCountry "YUG"]
[BlackTeamCountry "YUG"]

1. e4 c5 2. Nf3 Nc6 3. d4 cxd4 4. Nxd4 Nf6 5. Nc3 e6 6. g3 d5 7. Bb5 Bd7 8. exd5 exd5 9. 0-0 Be7 10. Re1 0-0 11. Bg5 h6 12. Bf4 Re8 13. Qd2 a6 14. Nxc6 bxc6 15. Bd3 Be6 16. a3 c5 17. Rad1 Bd6 18. Bf1 Bxf4 19. Qxf4 Qb6 20. b3 Qa5 21. Na4 Bd7 22. Rxe8+ Rxe8 23. Qd6 Bxa4 24. bxa4 c4 25. Qb4 Qc7 26. Bg2 Rd8 27. Rd4 Rb8 28. Qe1 Qc5 29. Qd1 Qxa3 30. Bxd5 Nxd5 31. Rxd5 Qxa4 32. h4 Qc6 33. Rd6 Qb5 34. Kh2 a5 35. Rd5 Qb6 36. Qf3 a4 37. Rd7 Qf6 38. Qxf6 gxf6 39. Ra7 Rb2 40. Rxa4 Rxc2 41. Ra8+ Kg7 42. Kg2 Kg6 43. Kf3 h5 1/2-1/2

[Event "SRB-chT Central"]
[Site "Kraljevo"]
[Date "2011.09.18"]
[Round "3"]
[White "Misojcic, Miroslav"]
[Black "Trifunovic, Miroljub"]
[Result "1/2-1/2"]
[WhiteElo "2242"]
[BlackElo "2305"]
[PlyCount "26"]
[EventDate "2011.09.17"]
[EventType "team-tourn"]
[EventRounds "11"]
[EventCountry "SRB"]
[SourceTitle "CBM 144 Extra"]
[Source "ChessBase"]
[SourceDate "2011.10.28"]
[SourceVersion "1"]
[SourceVersionDate "2011.10.28"]
[SourceQuality "1"]
[WhiteTeam "Sabac"]
[BlackTeam "Rudar"]
[WhiteTeamCountry "YUG"]
[BlackTeamCountry "YUG"]

1. d4 d5 2. c4 e6 3. Nf3 Be7 4. Nc3 Nf6 5. Bg5 h6 6. Bh4 0-0 7. e3 b6 8. Bxf6 Bxf6 9. cxd5 exd5 10. Qd2 Bb7 11. Rd1 Re8 12. Be2 Nd7 13. 0-0 Nf8 1/2-1/2

[Event "SRB-chT 1st League"]
[Site "Valjevo"]
[Date "2010.09.24"]
[Round "9"]
[White "Vratonjic, Slobodan"]
[Black "Misojcic, Miroslav"]
[Result "1/2-1/2"]
[WhiteElo "2404"]
[BlackElo "2248"]
[PlyCount "20"]
[EventDate "2010.09.18"]
[EventType "team"]
[EventRounds "11"]
[EventCountry "SRB"]
[SourceTitle "CBM 138 Extra"]
[Source "ChessBase"]
[SourceDate "2010.10.29"]
[SourceVersion "1"]
[SourceVersionDate "2010.10.29"]
[SourceQuality "1"]

1. e4 c5 2. Nf3 Nc6 3. Bb5 g6 4. 0-0 Bg7 5. Re1 Nf6 6. c3 0-0 7. d3 d6 8. Nbd2 a6 9. Ba4 b5 10. Bc2 Bb7 1/2-1/2

[Event "SRB-chT 1st League"]
[Site "Vrnjacka Banja"]
[Date "2009.09.19"]
[Round "1"]
[White "Misojcic, Miroslav"]
[Black "Blagojevic, Dragisa"]
[Result "0-1"]
[WhiteElo "2232"]
[BlackElo "2546"]
[PlyCount "56"]
[EventDate "2009.09.19"]
[EventType "team-swiss"]
[EventRounds "11"]
[EventCountry "YUG"]
[SourceTitle "CBM 132 Extra"]
[Source "ChessBase"]
[SourceDate "2009.11.03"]
[SourceVersion "1"]
[SourceVersionDate "2009.11.03"]
[SourceQuality "1"]

1. d4 Nf6 2. c4 e6 3. Nc3 Bb4 4. e3 b6 5. Nge2 Bb7 6. a3 Be7 7. d5 0-0 8. g3 b5 9. cxb5 Nxd5 10. e4 Nxc3 11. Nxc3 a6 12. bxa6 Nxa6 13. Bg2 Nc5 14. 0-0 Ba6 15. Re1 Nd3 16. Re3 Nxc1 17. Rxc1 Qb8 18. Qxd7 Bc5 19. Rf3 Qxb2 20. Rb1 Qc2 21. Bf1 Bxf1 22. Rxf1 Rxa3 23. Qd3 Qxd3 24. Rxd3 Rb8 25. Rfd1 g5 26. e5 Rb4 27. Kg2 Kg7 28. f3 Rbb3 0-1

[Event "SRB Central-ch"]
[Site "Vrnjacka Banja"]
[Date "2008.11.13"]
[Round "8"]
[White "Mitrovic, Darko R"]
[Black "Misojcic, Miroslav"]
[Result "1-0"]
[WhiteElo "2362"]
[BlackElo "2221"]
[PlyCount "115"]
[EventDate "2008.11.08"]
[EventType "swiss"]
[EventRounds "9"]
[EventCountry "YUG"]
[SourceTitle "EXT 2010"]
[Source "ChessBase"]
[SourceDate "2010.11.25"]
[SourceVersion "1"]
[SourceVersionDate "2010.11.25"]
[SourceQuality "1"]

1. e4 c5 2. Nf3 Nc6 3. d4 cxd4 4. Nxd4 Nf6 5. Nc3 e5 6. Ndb5 d6 7. Bg5 a6 8. Na3 b5 9. Bxf6 gxf6 10. Nd5 f5 11. Bd3 Be6 12. 0-0 Bg7 13. c3 Bxd5 14. exd5 Ne7 15. Nc2 e4 16. Be2 0-0 17. a4 Qb6 18. axb5 axb5 19. Qd2 Ra4 20. Nb4 Ng6 21. Rae1 Re8 22. Kh1 Qc5 23. f3 e3 24. Qd3 Rxb4 25. cxb4 Qxb4 26. Qxb5 Rb8 27. Qxb4 Rxb4 28. Bd3 f4 29. g3 Rxb2 30. Re2 Rb3 31. Bxg6 hxg6 32. gxf4 Bh6 33. f5 gxf5 34. f4 Bg7 35. Kg2 Bd4 36. Kf3 Kg7 37. Rg1+ Kf6 38. h4 Rb8 39. h5 Rh8 40. Rg5 Bc5 41. Rh2 Rh6 42. Rg8 Ke7 43. Ke2 Kf6 44. Kd3 Ke7 45. Kc4 Kf6 46. Re8 Kg7 47. Kb5 Kf6 48. Kc6 Rh7 49. h6 Kg6 50. Rg8+ Kf6 51. Rgg2 Bb4 52. Kd7 Bc5 53. Rg8 Bb4 54. Rgg2 Bc5 55. Rh3 Bb4 56. Re2 Bc5 57. Reh2 Kg6 58. Ke7 1-0